Basic electrical engineering / (Record no. 36793)

MARC details
000 -LEADER
fixed length control field 01591nam a22003257a 4500
005 - DATE AND TIME OF LATEST TRANSACTION
control field 2010070308358.0
008 - FIXED-LENGTH DATA ELEMENTS--GENERAL INFORMATION
fixed length control field 100703t xxu||||| |||| 00| 0 eng d
010 ## - LCCN (DPL NO)
LC control number ENG-96352
020 ## - INTERNATIONAL STANDARD BOOK NUMBER
International Standard Book Number 9780070681804
Terms of availability 295.00
020 ## - INTERNATIONAL STANDARD BOOK NUMBER
International Standard Book Number 0070681805
Terms of availability 295.00
035 ## - SYSTEM CONTROL NUMBER
System control number EN-79885
037 ## - SOURCE OF ACQUISITION
Source of stock number/acquisition DBAD/PUB
040 ## - CATALOGING SOURCE
Original cataloging agency dpl
Language of cataloging Eng
082 ## - DEWEY DECIMAL CLASSIFICATION NUMBER
Classification number 621.3
100 ## - MAIN ENTRY--PERSONAL NAME
Personal name Cathey, Jimmie J.
245 ## - TITLE STATEMENT
Title Basic electrical engineering /
Statement of responsibility, etc by Jimmie J. Cathey [and] Syed A. Nasar ; adapted by Prabhat Kumar
250 ## - EDITION STATEMENT
Edition statement 3rd ed
260 ## - PUBLICATION, DISTRIBUTION, ETC. (IMPRINT)
Place of publication, distribution, etc New Delhi
Name of publisher, distributor, etc Tata McGraw-Hill
Date of publication, distribution, etc 2010
270 ## - ADDRESS
Address 7, West Patel Nagar
City New Delhi
Postal code 110008
300 ## - PHYSICAL DESCRIPTION
Extent various pagings
Dimensions 24cm. (pbk)
490 ## - SERIES STATEMENT
Series statement Schaum's outlines
500 ## - GENERAL NOTE
General note includes index
520 ## - SUMMARY, ETC.
Summary, etc "Get complete coverage of Oracle E-Business Suite's Self-Service modules, including Oracle iProcurement, Oracle Internet Expenses, Oracle iSupplier Portal, and Oracle iReceivables, inside this Oracle Press guide. Oracle Self-Service Applications discusses the features of each module and how they benefit organizational workflow, and reviews common implementation considerations that apply to all the modules. The book also provides detailed configuration instructions explaining each screen and field"--
650 ## - SUBJECT ADDED ENTRY--TOPICAL TERM
Topical term or geographic name as entry element Electrical engineering.
650 ## - SUBJECT ADDED ENTRY--TOPICAL TERM
Topical term or geographic name as entry element Electronics.
700 ## - ADDED ENTRY--PERSONAL NAME
Personal name Nasar, Syed A.
942 ## - ADDED ENTRY ELEMENTS (KOHA)
Source of classification or shelving scheme Dewey Decimal Classification
Item type English Books
Classification part 621.3
Call number suffix CAT
Holdings
Withdrawn status Lost status Source of classification or shelving scheme Damaged status Not for loan Collection code Home library Current library Date acquired Cost, normal purchase price Total Checkouts Full call number Barcode Date last seen Copy number Cost, replacement price Koha item type
    Dewey Decimal Classification   Not For Loan Non-fiction D.B.Act.Division D.B.Act.Division 03/07/2010 295.00   621.3 CAT EN-79885 03/07/2010 1 295.00 English Books

© Delhi Public Library
Hit Counter
free hit counter